Statistics for Second Highest Mountain per Continent

Click here to take the quiz!

General Stats

  • This quiz has been taken 26 times
  • The average score is 3 of 6

Answer Stats

ContinentmMountainft% Correct
Asia8,611K228,251
100%
Europe4,808Mont Blanc15,774
75%
Africa5,199Mount Kenya17,057
71%
North America5959Mount Logan19,551
54%
South America6,893Ojos del Salado22,615
17%
Oceania4,760Puncak Mandala15,620
8%

Score Distribution

Percentile by Number Answered

Percent of People with Each Score

Your Score History

You have not taken this quiz